Tumores del aparato genito-urinario (Record no. 177510)

MARC details
000 -LEADER
campo de control de longitud fija 00838nam a22002175i 4500
001 - NÚMERO DE CONTROL
campo de control 177510
003 - IDENTIFICADOR DE NÚMERO DE CONTROL
campo de control ES-MaACL
005 - FECHA Y HORA DE LA ÚLTIMA TRANSACCIÓN
campo de control 20251004063222.0
008 - DATOS DE LONGITUD FIJA--INFORMACIÓN GENERAL
campo de control de longitud fija 110329s1962 sp ao |||| | spa d
080 ## - NÚMERO DE LA CLASIFICACIÓN DECIMAL UNIVERSAL
Número de la Clasificación Decimal Universal 616.6:616.64
100 1# - ENTRADA PRINCIPAL--NOMBRE DE PERSONA
Nombre de persona Peña, Emilio de la,
Fechas asociadas al nombre 1905-2001
9 (RLIN) 153294
245 10 - MENCIÓN DEL TÍTULO
Título Tumores del aparato genito-urinario
Resto del título : (excluídos genitales femeninos) /
Mención de responsabilidad, etc. por Emilio de la Peña.
260 ## - PUBLICACIÓN, DISTRIBUCIÓN, ETC.
Lugar de publicación, distribución, etc. Madrid :
Nombre del editor, distribuidor, etc. Montecorvo,
Fecha de publicación, distribución, etc. 1962.
300 ## - DESCRIPCIÓN FÍSICA
Extensión 214 p. :
Otras características físicas il. bl. y n. ;
Dimensiones 24 cm.
490 1# - MENCIÓN DE SERIE
Mención de serie Monografías. Colección de estudios médicos ;
Designación de volumen o secuencia 3
650 04 - PUNTO DE ACCESO ADICIONAL DE MATERIA--TÉRMINO DE MATERIA
Término de materia o nombre geográfico como elemento de entrada Aparato urinario-
Subdivisión general Enfermedades.
9 (RLIN) 9913
650 #4 - PUNTO DE ACCESO ADICIONAL DE MATERIA--TÉRMINO DE MATERIA
Término de materia o nombre geográfico como elemento de entrada Aparato genital masculino-
Subdivisión general Enfermedades.
9 (RLIN) 144444
830 0# - PUNTO DE ACCESO ADICIONAL DE SERIE-TÍTULO UNIFORME
Título uniforme Monografías. Colección de estudios médicos ;
Designación de volumen o secuencia 3
9 (RLIN) 190473
852 ## - LOCALIZACIÓN
Ubicación ES-MaACL
Número de control de estantería E-14729
Encuadernación Olim P-201-Ter
Holdings
Estatus retirado Estado de pérdida Estado de daño No para préstamo Biblioteca de origen Biblioteca actual Ubicación en estantería Fecha de adquisición Fuente de adquisición Total de préstamos Signatura topográfica completa Código de barras Visto por última vez Precio de reemplazo Tipo de ítem Koha
        Biblioteca del Ateneo de Madrid Biblioteca del Ateneo de Madrid Depósito 2 30/03/2011     E-14729 1186452 23/02/2023 23/02/2023 Libro impreso